Comunicación de las Instituciones Públicas.

Gespeichert in:
Bibliographische Detailangaben
1. Verfasser: Canel, María José (autora)
Format: Unbekannt
Veröffentlicht: Madrid, España: Tecnos, 2007.
Ausgabe:1ª edición
Schlagworte:
Tags: Tag hinzufügen
Keine Tags, Fügen Sie den ersten Tag hinzu!

MARC

LEADER 00000 a2200000 4500
003 CL-VaPUC
005 20230111093735.0
008 230104t2007 ||||| |||| 00| 0 eng d
999 |c 439847  |d 439845 
020 |a 978-84-309-4655-6 
040 |c Pontificia Universidad Católica de Valparaíso 
082 |2 22  |a 302.2 CAN 2007 
100 |a Canel, María José  |9 879673  |e autora 
245 |a Comunicación de las Instituciones Públicas. 
250 |a 1ª edición 
260 |a Madrid, España:  |b Tecnos,  |c 2007. 
300 |a 284 páginas. 
583 |k Catalogador Asistente  |c 20230104 
650 0 |9 370095  |a Estrategias de comunicación  |x Instituciones públicas  
650 0 |9 389711  |a Comunicación política 
650 0 |9 257251  |a Comunicación   |x Aspectos políticos  
942 |2 ddc  |c BK 
952 |0 0  |1 0  |2 ddc  |4 0  |6 302_200000000000000_CAN_2007  |7 0  |8 A  |9 588523  |a BIBCUR  |b BIBCUR  |c GEN  |d 2023-01-04  |e 155  |g 51460.36  |i 5656317  |o 302.2 CAN 2007  |p 5656317  |r 2025-04-22  |t 1  |v 51460.36  |w 2023-01-04  |y BK  |k PER